| 000 | 00662nam a2200241Ia 4500 | ||
|---|---|---|---|
| 003 | OSt | ||
| 005 | 20220930190326.0 | ||
| 006 | a|||||r|||| 00| 0 | ||
| 007 | ta | ||
| 008 | 220926b |||||||| |||| 00| 0 eng d | ||
| 024 | _a29,577 | ||
| 037 | _cGeneral Books | ||
| 040 |
_aCRL _cCRL _beng |
||
| 041 |
_2eng _aeng |
||
| 082 | _a14:18aN5, K0 | ||
| 110 |
_aAustralian Bibliographical Centre _9558775 |
||
| 245 | 0 | _aAustralian bibliography and bibliographical services | |
| 260 | _c1960 | ||
| 650 | _aBIBLIOGRAPHY | ||
| 700 |
_aAustralian Bibliographical Centre _9558776 |
||
| 942 |
_h14:18aN5, K0 _cGB _2CC |
||
| 999 |
_c892069 _d892069 |
||